Trojková sústava a možnosti jej využitia diplomová práca

Guardado en:
Detalles Bibliográficos
Autor principal: Ševčík, Daniel
Autor Corporativo: Fakulta hospodárskej informatiky EU. Katedra aplikovanej informatiky
Otros Autores: Kultan, Jaroslav, 1960-
Formato: Libro
Lenguaje:eslovaco
Publicado: Bratislava 2022
Etiquetas: Agregar Etiqueta
Sin Etiquetas, Sea el primero en etiquetar este registro!

MARC

LEADER 00000nbm a2200000 4500
001 0285981
005 20221214135637.9
041 0 |a slo 
044 |a SK 
245 1 0 |a Trojková sústava a možnosti jej využitia  |b diplomová práca  |c Daniel Ševčík ; školiteľ: Jaroslav Kultan 
264 1 |a Bratislava  |c 2022 
300 |a 68 s. 
100 1 |a Ševčík, Daniel 
700 1 |a Kultan, Jaroslav, 1960- 
710 2 |a Fakulta hospodárskej informatiky EU. Katedra aplikovanej informatiky